| 000 | 00479nam a22001817a 4500 | ||
|---|---|---|---|
| 999 |
_c480951 _d480951 |
||
| 003 | NUST | ||
| 008 | 180829b ||||| |||| 00| 0 eng d | ||
| 038 | _a0 | ||
| 050 | _a658.31520954 | ||
| 082 | _a658.31520954 | ||
| 100 |
_aPylee,M V. _912319 |
||
| 245 |
_aWorker Participation in Management. _cDr.M V Pylee. |
||
| 250 | _a2nd ed. | ||
| 260 |
_aNew Delhi. _bVikas Publishing House PVT. _c1997. |
||
| 300 | _a266p. | ||
| 500 | _aHard Cover. | ||
| 942 |
_2ddc _cBK _k658.31520954 |
||